Zdaňovanie študentov daňou z príjmov

Štyri druhy zdaniteľních príjmov študenta. Študenti a platenie poistného z príjmov zo závislej činnosti. Študenti a zdaňovanie príjmov zo závislej činnosti. Ilustračné príklady.

Salvato in:
Dettagli Bibliografici
Autore principale: Rabatinová, Marcela, 1977-
Natura: Capitolo di libro
Lingua:slovacco
Soggetti:
Tags: Aggiungi Tag
Nessun Tag, puoi essere il primo ad aggiungerne!!

MARC

LEADER 00000naa$a2200000$$$4500
001 0113920
005 20240502072252.0
041 0 |a slo 
044 |a SK 
245 1 0 |a Zdaňovanie študentov daňou z príjmov  |c Marcela Rabatinová 
520 |a Štyri druhy zdaniteľních príjmov študenta. Študenti a platenie poistného z príjmov zo závislej činnosti. Študenti a zdaňovanie príjmov zo závislej činnosti. Ilustračné príklady. 
610 2 0 |a študenti 
610 2 0 |a dane z príjmov 
610 2 0 |a zdaňovanie 
610 2 0 |a povinnosť daňová 
100 1 |a Rabatinová, Marcela, 1977-